| 000 | 01181nam a2200313Ia 4500 | ||
|---|---|---|---|
| 001 | D4315 | ||
| 003 | IT-RoPAU | ||
| 008 | 130308s9999 xx 000 0 und d | ||
| 040 | _aIT-RoPAU | ||
| 040 | _cIT-RoPAU | ||
| 041 | _aFRANCESE | ||
| 100 | _aNotaise Jacques | ||
| 100 | _gCodice Aut. SPICS: 44577 | ||
| 245 | _aDictionnaire du multimedia: audiovisuel-informatique-telecommunications | ||
| 245 | _bDictionnaire Du Multimedia: Audiovisuel-Informatique-Telecommunications | ||
| 250 | _a1a ed. | ||
| 260 | _aPARIS | ||
| 260 | _bAfnor | ||
| 260 | _c1995 [1° Ed.:1995 - Ed.Ling.Originale:1995] | ||
| 300 | _a"910 p. (prefazione: 22; testo: 888)" | ||
| 500 | _aDizionario Multimedia: Audiovisivo, informatica e Telecomunicazioni. Dizionario Alfabetico e Analogico. Definizioni delle principali Tecniche Messe in Opera Dalla Multimedialità, Descrizione dei prodotti e delle Applicazioni. Bibliografia in Appendice. | ||
| 650 | _aENCICLOPEDIE DELLA MULTIMEDIALITA' | ||
| 650 | _eCodice materia Spics: 4251 | ||
| 700 | _aBarda JeanDusanter Olivier | ||
| 700 | _gCodice Aut. SPICS: 44578Codice Aut. SPICS: 44579 | ||
| 942 | _cBK | ||
| 957 | _71 | ||
| 999 |
_c90020 _d90020 |
||
| 999 | _g1 | ||